| 000 | 00366nam a2200145Ia 4500 | ||
|---|---|---|---|
| 008 | 230917s9999||||xx |||||||||||||| ||und|| | ||
| 040 |
_e108347 _aMAIN |
||
| 041 | _aEnglish | ||
| 082 | _a158.1 C215H | ||
| 100 | _aCarnegie, Dale | ||
| 245 | 0 | _aHow to win friends and influence people | |
| 260 |
_aNew York _bPocket Books _c1964 |
||
| 300 | _a275p p. | ||
| 942 | _cBK | ||
| 999 |
_c120299 _d120299 |
||